Statistiques concernant Devinez le parcours de ces joueurs de foot N°6

Cliquez ici pour prendre le quiz!

Statistiques générales

  • Ce quiz a été pris 1 864 fois
  • Le résultat moyen est 8 sur 12

Statistiques - réponses

Réponse% Correct
Navas
93%
Payet
91%
Modric
88%
Neuer
85%
Reus
82%
Dybala
77%
Rüdiger
77%
Alisson
75%
Sissoko
68%
Lopez
50%
Rivaldo
44%
Oliveira
13%

Distribution des résultats

Percentile par nombre de réponses

% des personnes avec chaque résultat

Votre développement - résultats

Vous n’avez pas pris ce quiz